Central Library, Doon University
WEBOPAC (ONLINE PUBLIC ACCESS CATALOGUE)

Objective Life Science (Record no. 60916)

MARC details
000 -LEADER
fixed length control field 00501nam a22001937a 4500
005 - DATE & TIME
control field 20260529152654.0
008 - FIXED-LENGTH DATA ELEMENTS--GENERAL INFORMATION
fixed length control field 260529b |||||||| |||| 00| 0 eng d
020 ## - ISBN
International Standard Book Number 9789352533671
Price 1155.00
040 ## - CATALOGING SOURCE
Original cataloging agency Doon University
041 ## - Language
Language English
082 ## - DDC NUMBER
Classification number 580.76
Book Number PRA
100 ## - MAIN ENTRY--PERSONAL NAME
Personal name Prasann Kumar
245 ## - TITLE STATEMENT
Title Objective Life Science
Sub Title : (Plant Science)
260 ## - PUBLICATION, DISTRIBUTION, ETC. (IMPRINT)
Place of publication, distribution, etc Noida
Name of publisher, distributor, etc S. Chand.
Date of publication, distribution, etc 2024
300 ## - PHYSICAL DESCRIPTION
Pages 578
650 ## - Subject
Subject Competitive Books
700 ## - Added Entry Personal Name
Added Entry Personal Name Dwivedi, Padmanabh
942 ## - ADDED ENTRY ELEMENTS (KOHA)
Koha item type Books
100 ## - MAIN ENTRY--PERSONAL NAME
-- 26428
700 ## - Added Entry Personal Name
-- 26936
952 ## - LOCATION AND ITEM INFORMATION (KOHA)
-- 2026-05-29
Holdings
Withdrawn status Lost status Source of classification or shelving scheme Damaged status Not for loan Location (home branch) Sublocation or collection (holding branch) Date acquired Koha issues (times borrowed) Koha full call number Accession No. Koha date last seen Koha item type
          Doon University Doon University 29.05.2026   580.76 PRA CB881 29.05.2026 Books
Contact : +91-135-2533126 (Library),+91-135-2533105 (Admin Office) , Email : doonlibrary@gmail.com

Powered by Koha